00956cam a22002657a 45000010008000000030006000080050017000140080041000310200015000720350017000870400026001040500025001300820017001552450106001722460047002782600040003253000032003653360026003973370028004233380027004515200136004786500032006146500020006467000024006664372305CaAEU20210624080047.0030512s2004 mau a 001 0 eng d a0618405410 aocn945365834 bengcALUPE UNIVERSITY00aPE1408b.C54367 200400a808/.04222204aThe college writer :ba guide to thinking, writing and researching /cRandall VanderMey ... [et al.].30aGuide to thinking, writing and researching aBoston :bHoughton Mifflin,cc2004. a700 p. :bill. +;e2 CD-ROM atextbtxt2rdacontent aunmediatedbn2rdamedia avolumebnc2rdacarrier aThe College Writer is a rhetoric, reader, research guide, and handbook that offers streamlined, nuts-and-bolts writing instruction. 0aEnglish languagexRhetoric. 0aReport writing.1 aVanderMey, Randall.